The Chinese in Malaysia
| Other Authors: | Lee, Kam Hing, Tan, Chee- Beng |
|---|---|
| Published: |
Oxford:
Oxford University Press,
2004.
|
| Subjects: |
| LEADER | 00543cam a2200169 7i4500 | ||
|---|---|---|---|
| 001 | 0000009445 | ||
| 005 | 20090305090000.0 | ||
| 020 | |a 9835600562 (hbk.) | ||
| 050 | 0 | 0 | |a DS595.2.C5 CHI 2004 |
| 090 | 0 | 0 | |a DS595.2.C5 |b .C46 2004 |
| 245 | 1 | 4 | |a The Chinese in Malaysia |c edited by Lee Kam Hing and Tan Chee-Beng. |
| 260 | |a Oxford: |b Oxford University Press, |c 2004. | ||
| 300 | |a xxix, 418 p.; |c 26 cm. | ||
| 650 | 0 | 0 | |a Chinese -- |z Malaysia |
| 700 | 3 | |a Lee, Kam Hing | |
| 700 | 3 | |a Tan, Chee- Beng | |
| 999 | |a 0000011808 |b BOK |c OPEN SHELF |e 1st Floor, Bestari Jaya | ||


